000 01173nam a2200313 i 4500
001 60272
003 CO-BoRNBP
005 20260120152254.0
007 ta
008 250218s2025 ck gr 000 1dspa
020 _a9789587534245
_q(obra completa)
020 _a9789587536690
040 _aCO-BoRNBP
_bspa
_erda
_cCO-BoRNBP
041 0 _aspa
043 _as-ck---
082 0 4 _a860.809861
_223
245 1 0 _aAntes que nada :
_bantología de literatura testimonial /
_cJerónima Nava y Saavedra [y otras diez]; prólogo de Laura Acero
250 _aPrimera edición
264 1 _aBogotá, Colombia :
_bMinisterio de las Culturas, las Artes y los Saberes :
_bBiblioteca Nacional de Colombia,
_c2025
300 _a212 páginas ;
_c21 cm
336 _aTexto
_btxt
_2rdacontent
337 _aSin mediación
_bn
_2rdamedia
338 _aVolumen
_bnc
_2rdacarrier
490 0 _aBiblioteca de escritoras colombianas
_v8
500 _aIncluye datos biográficos de las autoras
650 1 7 _aLiteratura colombiana
_ySiglos XVIII-XX
_vColecciones
_2rnbp
_968174
650 1 7 _aRelatos personales en la literatura
_ySiglos XVIII-XX
_vColecciones
_2rnbp
_968175
942 _cBK
_n0
_2ddc
999 _c60272
_d60272